000 00296nam a22001217a 4500
008 180117b xxu||||| |||| 00| 0 eng d
041 _aeng
080 _a331
100 _a52
101 _aPUN
245 _aJobs, Men, and Machines: Problems of Automation
_cMarkham,Ch
942 _2udc
_cBK
999 _c40423
_d40423